Central Library OPAC University of Rajshahi

Social control; (Record no. 33783)

MARC details
000 -LEADER
fixed length control field 00911mam a2200289 4500
001 - CONTROL NUMBER
control field 33783
003 - CONTROL NUMBER IDENTIFIER
rucl marc code BD-RjUL
005 - DATE AND TIME OF LATEST TRANSACTION
control field 20211209052047.0
008 - FIXED-LENGTH DATA ELEMENTS--GENERAL INFORMATION
fixed length control field 140511s1956 ilu b 000 0 eng
035 ## - SYSTEM CONTROL NUMBER
System control number (OCoLC)ocm00977661
System control number (BD-RjUL)33874
040 ## - CATALOGING SOURCE
Original cataloging agency DLC
Transcribing agency RGC
Modifying agency SER
-- BD-RjUL
Language of cataloging eng
041 ## - LANGUAGE CODE
Language code of text/sound track or separate title eng
082 00 - DEWEY DECIMAL CLASSIFICATION NUMBER
Classification number 301
Author mark and year LAS 1956
100 1# - MAIN ENTRY--PERSONAL NAME
Personal name Landis, Paul H.
Fuller form of name (Paul Henry),
Dates associated with a name 1901-1985.
9 (RLIN) 102585
245 10 - TITLE STATEMENT
Title Social control;
Remainder of title social organization and disorganization in process /
Statement of responsibility, etc. by Paul H. Landis.
250 ## - EDITION STATEMENT
Edition statement rev. ed.
260 ## - PUBLICATION, DISTRIBUTION, ETC. (IMPRINT)
Place of publication, distribution, etc. Chicago ;
-- Philadelphia [etc.] :
Name of publisher, distributor, etc. J.B. Lippincott Company,
Date of publication, distribution, etc. c1956.
300 ## - PHYSICAL DESCRIPTION
Pagination viii, 473 p.
Size 24 cm.
504 ## - BIBLIOGRAPHY, ETC. NOTE
Bibliography, etc Includes bibliographical references and index.
650 #0 - SUBJECT ADDED ENTRY--TOPICAL TERM
Topical term or geographic name as entry element Sociology.
9 (RLIN) 102586
Topical term or geographic name as entry element Social psychology.
9 (RLIN) 102587
Topical term or geographic name as entry element Social problems.
9 (RLIN) 102588
942 ## - ADDED ENTRY ELEMENTS (KOHA)
Source of classification or shelving scheme Dewey Decimal Classification
Koha item type Books
Holdings
Lost status Source of classification or shelving scheme Damaged status Not for loan Collection code Permanent Location Current Location Shelving location Date acquired Source of acquisition Total Checkouts Full call number Date last seen Copy number Koha item type
  Dewey Decimal Classification   Not For Loan Non-fiction Central Library, University of Rajshahi Central Library, University of Rajshahi Reading Room 11/05/2014 Asia Foundation, Gift.   301 LAS 1956 11/05/2014 C-1 Books